Leben und Thaten des Edeln und Tapfern Ritters Don Quixote von la Mancha (Record no. 2591)

MARC details
000 -CABECERA
campo de control de longitud fija 01289nam a2200301 a 4500
001 - NÚMERO DE CONTROL
campo de control BRCA_2852
005 - FECHA Y HORA DE LA ÚLTIMA TRANSACCIÓN
campo de control 20190320204011.0
008 - DATOS DE LONGITUD FIJA--INFORMACIÓN GENERAL
campo de control de longitud fija 101208s1824----gw-a---###---#000-0dger-u
041 ## - CÓDIGO DE LENGUA
Código de lengua del texto/banda sonora o título independiente ger
044 ## - CÓDIGO DEL PAÍS DE LA ENTIDAD EDITORA/PRODUCTORA
Código MARC del país gw
084 ## - OTRO NÚMERO DE CLASIFICACIÓN
Número de clasificación 273
Número de documento/Ítem .E26
-- 1824
100 1# - ENTRADA PRINCIPAL--NOMBRE DE PERSONA
Nombre de persona Cervantes Saavedra, Miguel de
Fechas asociadas al nombre 1547-1616
9 (RLIN) 213
245 10 - MENCIÓN DE TÍTULO
Título Leben und Thaten des Edeln und Tapfern Ritters Don Quixote von la Mancha
Mención de responsabilidad, etc. von Miguel Cervantes.
260 ## - PUBLICACIÓN, DISTRIBUCIÓN, ETC.
Lugar de publicación, distribución, etc. Ulm (Alemania)
Nombre del editor, distribuidor, etc. J. Ebner
Fecha de publicación, distribución, etc. 1824
300 ## - DESCRIPCIÓN FÍSICA
Extensión 382 p.
Otras características físicas il.
Dimensiones 18 cm.
500 ## - NOTA GENERAL
Nota general Contenido : Advertencia de la traductora. Breve noticia sobre la vida de Cervantes. Texto compendiado de ambas partes basado en la traducción de Tieck
500 ## - NOTA GENERAL
Nota general Edición : Zur Unterhaltung und Belustigung der Jugend neu Bearbeitet von Luis Höller mit Kupfern
500 ## - NOTA GENERAL
Nota general Versión abreviada destinada a la juventud, basada en la traducción de Tieck Lúdovik Osterc
500 ## - NOTA GENERAL
Nota general QM507A
546 ## - NOTA DE LENGUA/LENGUAJE
Nota de lengua/lenguaje Texto en : alemán
650 14 - PUNTO DE ACCESO ADICIONAL DE MATERIA--TÉRMINO DE MATERIA
Término de materia o nombre geográfico como elemento de entrada Novela española
Subdivisión cronológica Época clásica, 1500-1700
9 (RLIN) 215
650 14 - PUNTO DE ACCESO ADICIONAL DE MATERIA--TÉRMINO DE MATERIA
Término de materia o nombre geográfico como elemento de entrada Literatura española
Subdivisión cronológica Época clásica, 1500-1700
9 (RLIN) 216
650 14 - PUNTO DE ACCESO ADICIONAL DE MATERIA--TÉRMINO DE MATERIA
Término de materia o nombre geográfico como elemento de entrada Novela española
Subdivisión cronológica Siglo XVII
9 (RLIN) 217
650 14 - PUNTO DE ACCESO ADICIONAL DE MATERIA--TÉRMINO DE MATERIA
Término de materia o nombre geográfico como elemento de entrada Don Quijote (Personaje ficticio)
Término indicativo de función/relación Novela
9 (RLIN) 218
740 0# - PUNTO DE ACCESO ADICIONAL--TÍTULO RELACIONADO O ANALÍTICO NO CONTROLADO
Título relacionado o analítico no controlado El Ingenioso Hidalgo Don Quijote de la Mancha
902 ## - CATALOGADOR
Iniciales QFM
942 ## - ELEMENTOS DE PUNTO DE ACCESO ADICIONAL (KOHA)
Fuente del sistema de clasificación o colocación Library of Congress Classification
Tipo de ítem Koha Libros
Holdings
Estado de retiro Estado de pérdida Estado dañado No para préstamo Localización permanente Ubicación/localización actual Fecha de adquisición Número de inventario Total de préstamos Signatura topográfica completa Código de barras Fecha visto por última vez Precio válido a partir de Tipo de ítem Koha
El ejemplar forma parte de la colección y puede ser consultado según las políticas vigentes.       Biblioteca del Museo Franz Mayer (Rogerio Casas-Alatriste) Biblioteca del Museo Franz Mayer (Rogerio Casas-Alatriste) 10/12/2008 QM507A   273 .E26 1824 (QM507A) 2849 22/03/2019 22/03/2019 Libros